00609nam a2200169Ia 4500008004100000020001800041041000800059082001600067100002300083245010300106250000600209260003900215300001500254650002200269999001900291952012900310210716s2018 xx 000 0 und d a9789386873736 aeng a004.65 SCHM aSchulz, Michael S. aMCSA 70-741 cert guide: networking with windows server 2016.bNetworking with windows server 2016. a1 aNew DelhibPearson Educationc2018 axxxiii,800 aComputer Networks c196436d196436 001040708MCAaAIMITbAIMITeBook Paradiseg1099.00l0o004.65 SCHMpMCA15951r2025-07-21 00:00:00v769.30w2021-07-16yBK